Healing thoughts : (Record no. 283246)
[ view plain ]
| 000 -LEADER | |
|---|---|
| fixed length control field | 00411nam a2200133Ia 4500 |
| 008 - FIXED-LENGTH DATA ELEMENTS--GENERAL INFORMATION | |
| fixed length control field | 150223s9999 xx 000 0 und d |
| 020 ## - INTERNATIONAL STANDARD BOOK NUMBER | |
| International Standard Book Number | 9710868780 |
| 050 ## - LIBRARY OF CONGRESS CALL NUMBER | |
| Classification number | BL 2480 |
| Item number | .P979 2008 |
| 100 ## - MAIN ENTRY--PERSONAL NAME | |
| Personal name | Pujalte, Jose M. M.D. |
| 245 ## - TITLE STATEMENT | |
| Title | Healing thoughts : |
| Remainder of title | randomly medical / |
| Statement of responsibility, etc | Jose M. Pujalte, M.D. |
| 250 ## - EDITION STATEMENT | |
| Edition statement | 2nd ed. |
| 260 ## - PUBLICATION, DISTRIBUTION, ETC. (IMPRINT) | |
| Place of publication, distribution, etc | Mandaluyong City : |
| Name of publisher, distributor, etc | National Bookstore, |
| Date of publication, distribution, etc | 2008 |
| 300 ## - PHYSICAL DESCRIPTION | |
| Extent | 185 pages : |
| Dimensions | 22 cm. |
No items available.